| 000 | 00000nam##2200000za#4500 |
| 001 | 9.534746 |
| 003 | CaOODSP |
| 005 | 20210615083632 |
| 007 | ta |
| 008 | 150406|2000||||xxc||||| f|0| 0 eng|d |
| 040 | |aCaOODSP|beng |
| 041 | |aeng |
| 041 | |afre |
| 043 | |an-cn--- |
| 086 | 1 |aNH14-1/0394 |
| 110 | 2 |aCanada Mortgage and Housing Corporation. |
| 245 | 12|aA project to promote implementation of the national building code and a standardized building permit in Prince Edward Island / |cPrepared by The Home Builders' Association of Prince Edward Island. Prepared by Word-Works Communications Services. |
| 260 | |aOttawa - Ontario : |bCanada Mortgage and Housing Corporation |c2000. |
| 300 | |aEnglish text, i, 17p. : |billus. ; |c28 cm. |
| 490 | 1 |aAffordability and Choice Today (ACT) regulatory reform project|v0394 |
| 546 | |aBilingual |
| 563 | |aSoftcover |
| 590 | |a01-05|b2001-02-02 |
| 690 | 07|aConstruction industry|2gcpds |
| 690 | 07|aHousing|2gcpds |
| 690 | 07|aCosts|2gcpds |
| 776 | 0#|tProjet visant à promouvoir l'adoption du code nationa du bâtiment et d'une formule uniformisée de demande de permis de construire à l'Île-du-Prince-Édouard / |w(CaOODSP)9.588092 |
| 792 | |tProjet visant à promouvoir l'adoption du code national du bâtiment et d'une formule uniformisée de demande de permis de construire à l'Ile-du-Prince-Édouard / |efre|w(CaOODSP)9.534747 |
| 830 | #0|aAffordability and Choice Today (ACT) regulatory reform project ;|v0394|w(CaOODSP)9.509540 |
| 986 | |aPB 0394 |